Т. 29, № 5; Механика композитных материалов

Detaylı Bibliyografya
Parent link:Механика композитных материалов: научно-теоретический журнал/ Латвийская академия наук (ЛАН). Т. 29, № 5.— , 1979-1995.— 0203-1272
Dil:Rusça
Baskı/Yayın Bilgisi: 1993
Materyal Türü: Kitap
KOHA link:https://koha.lib.tpu.ru/cgi-bin/koha/opac-detail.pl?biblionumber=484966

MARC

LEADER 00000nam2a2200000 4500
001 484966
005 20231101094527.0
035 |a (RuTPU)RU\TPU\prd\152669 
035 |a RU\TPU\prd\152668 
090 |a 484966 
100 |a 20120927d19939999k y0rusy50 ca 
101 0 |a rus 
102 |a LV 
200 0 |a Т. 29, № 5 
210 |d 1993 
461 1 |0 (RuTPU)RU\TPU\prd\255  |x 0203-1272  |t Механика композитных материалов  |o научно-теоретический журнал  |f Латвийская академия наук (ЛАН)  |v Т. 29, № 5  |d 1979-1995 
801 0 |a RU  |b 63413507  |c 20010227  |g PSBO 
801 1 |a RU  |b 63413507  |c 20120927 
801 2 |a RU  |b 63413507  |c 20120927  |g RCR 
942 |c BK 
999 |a НТБ_ТПУ  |b НФ  |e -4/20120110  |p П-7318  |u 0,00  |v 1